Normal view MARC view

Entry Topical Term

Number of records used in: 2

001 - CONTROL NUMBER

  • control field: 75274

003 - CONTROL NUMBER IDENTIFIER

  • control field: dpl

005 - DATE AND TIME OF LATEST TRANSACTION

  • control field: 20241217150021.0

008 - FIXED-LENGTH DATA ELEMENTS

  • fixed length control field: 241217|| aca||aabn | a|a d

040 ## - CATALOGING SOURCE

  • Original cataloging agency: dpl
  • Transcribing agency: dpl

150 ## - HEADING--TOPICAL TERM

  • Form subdivision:

670 ## - SOURCE DATA FOUND

  • Source citation: Work cat.: (dpl)197601: भट्ट, गोपाल कृष्ण 75272, गीत संजीवनी: छंदबद्ध गीतों का संग्रह /, 2023

© Delhi Public Library
Hit Counter
free hit counter